000 00385nam a2200145Ia 4500
008 230917s9999||||xx |||||||||||||| ||und||
040 _e138062
_aMAIN
041 _aEnglish
082 _a005.43 T155O
100 _aTenenbaum, Andrew S
245 0 _aOperating systems: Design and implementation
260 _aNew Delhi
_bPrentice-Hall of India
_c1994
300 _a719 p.
942 _cBK
999 _c78504
_d78504